header

The Magic Finger (Record no. 261445)

MARC details
000 -LEADER
fixed length control field 00236nam a22001097a 4500
020 ## - INTERNATIONAL STANDARD BOOK NUMBER
ISBN 9780141371467
100 ## - MAIN ENTRY--AUTHOR NAME
Personal name Roald Dahl
245 ## - TITLE STATEMENT
Title The Magic Finger
260 ## - PUBLICATION, DISTRIBUTION, ETC. (IMPRINT)
Place of publication UK
Name of publisher Penguin Random House
Year of publication 1966
300 ## - PHYSICAL DESCRIPTION
Number of Pages 56 pgs
942 ## - ADDED ENTRY ELEMENTS (KOHA)
Koha item type Long Loan Books

No items available.

© 2026 Rongo University
Contact us: librarian | system librarian | Rongo university